Normal view MARC view

Entry Meeting Name

Number of records used in: 1

001 - CONTROL NUMBER

  • control field: 23818

003 - CONTROL NUMBER IDENTIFIER

  • control field: OSt

005 - DATE AND TIME OF LATEST TRANSACTION

  • control field: 20211105134812.0

008 - FIXED-LENGTH DATA ELEMENTS

  • fixed length control field: 211105|| aca||aabn | a|a d

040 ## - CATALOGING SOURCE

  • Original cataloging agency: OSt
  • Transcribing agency: OSt

111 ## - HEADING--MEETING NAME

  • Meeting name or jurisdiction name as entry element: Granada Workshop on Theory and Tests of Convection in Stellar Structure
  • Location of meeting: Granada, Spain
  • Date of meeting or treaty signing: 1998 Sep. 30-Oct. 2

670 ## - SOURCE DATA FOUND

  • Source citation: Work cat.: (OSt): Granada Workshop on Theory and Tests of Convection in Stellar Structure Granada, Spain 1998 Sep. 30-Oct. 2, Theory and tests of convection in stellar structure, 1999

Powered by Koha